000 01602nam a22002297a 4500
005 20220219092814.0
008 220217b ||||| |||| 00| 0 eng d
020 _a9781259010019
040 _cAL
041 _aeng
082 _223
_a658.1511
_bHILM
100 _aRonald W Hilton
_920479
245 _aManagerial accounting
_bCreating value in global business environment
250 _a9th ed.
260 _aNew York
_bMcGraw Hill
_c2011
300 _a848p.
_bPB
_c27.5x21.6cm.
365 _2General
_aABDI/0547/22
_b₹1496.25
_c
_d₹1995.00
_e25%
_f07-02-2022
520 _aThe emphasis of Managerial Accounting, Global Edition, 9e is on teaching students to use accounting information to best manage an organization. In a practice Hilton pioneered in the first edition, each chapter is written around a realistic business or focus company that guides the reader through the topics of that chapter. This new Global Edition now highlights international focus and contrast companies. Known for balanced examples of Service, Retail, Nonprofit and Manufacturing companies, Hilton/Platt offers a clear, engaging writing style that has been praised by instructors and students alike. As in previous editions, there is significant coverage of contemporary topics such as activity-based costing, target costing, the value chain, customer profitability analysis, and throughput costing while also including traditional topics such as job-order costing, budgeting and performance evaluation.
650 _2Management
_aManagement accounting
_920480
700 _aPlatt David E
_920481
942 _2ddc
_cBK
999 _c221536
_d221536